01550nam a2200385 i 4500003000400000005001700004007000300021008004100024020001800065020001500083040003500098041000800133084001100141100004800152245004800200250002300248264004900271300002500320336002700345337003300372338002800405490008300433490003400516521005300550600006300603650005300666650005700719650004700776650004200823650006200865650005300927942001500980999001700995952015201012OSt20210413102938.0ta201203s2020 ck jr 000 faspa d a9789584292179 a958429217X aCO-BoRNBPbspaerdacCO-BoRNBP0 aspa aN PAL61 aPalacios, Arnoldod1924-2015eautor916274710aBuscando mi madrededióscArnoldo Palacios aEdición especial 1aBogotábEditorial Planeta colombianac2020 a500 páginasc23 cm 2rdacontentatextobtxt 2rdamediaasin mediaciónbn 2rdacarrieravolumenbnc0 aPlan Nacional de Lectura y Escritura Leer es mi Cuento / Ministerio de Cultura0 aSeix Barral. Biblioteca breve aRecomendado para un público mayor de 15 años aPalacios, Arnoldod1924-2015vBiografíasvNovela9162585172LEMBaNovela juvenil colombianaySiglo XX917743172LEMBaLiteratura juvenil colombianaySiglo XX910133172LEMBaAutores colombianos ySiglo XX93714172LEMBaVida cotidianavNovela 9162748172LEMB aFamilias negrasxAspectos socialesvNovela9152380172LEMBaNegrosxAspectos socialesvNovela 9161072 2ddccBKLIT c13243d13243 00102ddc40708LJaBPMOSbBPMOSd2021-04-13eDotación BNAL 2020iNTl0oJN PAL6pMOS500852r2022-01-13tEj. 1w2021-04-13yBKLITzQuince días